|
|
|
|
| LEADER |
01531nam a2200325 a 4500 |
| 001 |
00022343 |
| 008 |
110420s2006 bg w 000 0 mul d |
| 040 |
|
|
|a BD-DhAAL
|c BD-DhAAL
|
| 041 |
|
|
|a Eng
|a Ben
|
| 082 |
0 |
0 |
|a 348.5492/046
|2 22
|
| 130 |
0 |
|
|a DLR
|
| 245 |
0 |
4 |
|a The Dhaka Law Reports :
|b a monthly law journal,
|c Founder editor, Obaidul Huq Chowdhury, Chief editor, A. Muntaquim Chaudhury, editor, Shahabuddin Ahmed,
|n volume no. 58
|
| 246 |
1 |
7 |
|a The Dhaka Law Reports.
|
| 260 |
|
|
|a Dhaka :
|b Dhaka Law Reports,
|c 2006
|
| 300 |
|
|
|a Various pagings :
|c 25 cm.
|
| 362 |
0 |
|
|a Vol.LVIII,2006
|
| 500 |
|
|
|a Cit. 58 DLR(AD);58 DLR etc.
|
| 500 |
|
|
|a "A journal of law reports."
|
| 590 |
|
|
|a Published yearly.
|
| 541 |
|
|
|e 00022343
|
| 650 |
|
0 |
|a Law reports, digests, etc.
|z Bangladesh.
|
| 700 |
1 |
|
|a Chowdhury,Obaidul Haque.
|
| 700 |
1 |
|
|a Chaudhury,A. Muntaquim.
|
| 700 |
1 |
|
|a Ahmad,Shahabuddin.
|
| 852 |
4 |
|
|a Ayesha Abed Library
|j General shelf
|
| 942 |
0 |
0 |
|0 4
|
| 999 |
|
|
|c 10745
|d 10745
|
| 952 |
|
|
|0 0
|1 0
|2 ddc
|4 0
|6 348_549204600000000_DHA
|7 0
|8 REF
|9 16163
|a BRACUL
|b BRACUL
|c REF
|d 2011-04-20
|l 27
|o 348.5492046 DHA
|p 3010022343
|r 2020-03-16
|s 2020-03-16
|t 1
|w 2011-04-20
|y 1HOUR
|x Available
|
| 952 |
|
|
|0 0
|1 0
|2 ddc
|4 0
|6 348_549204600000000_DHA
|7 0
|8 REF
|9 23911
|a BRACUL
|b BRACUL
|c REF
|d 2014-02-24
|l 0
|o 348.5492046 DHA
|p 3010024460
|r 2014-02-24
|t 2
|w 2014-02-24
|y 1HOUR
|
| 952 |
|
|
|0 0
|1 0
|2 ddc
|4 0
|6 348_549200000000000_046_DHA
|7 0
|8 REF
|9 54132
|a BRACUL
|b BRACUL
|c REF
|d 2015-06-08
|g 994.00
|l 15
|o 348.5492046 DHA
|p 3010029161
|r 2023-04-01
|s 2023-04-01
|t 3
|w 2015-06-08
|y 1HOUR
|